[Event "Alesund Grand Prix B"]
[Site "Alesund"]
[Date "2018.04.08"]
[Round "5"]
[White "Fagerbekk, Egil"]
[Black "Gjare, Vidar"]
[Result "1-0"]
[WhiteElo "1651"]
[BlackElo "1624"]
[PlyCount "93"]
[EventDate "2018.04.07"]
[EventType "swiss"]
[EventRounds "6"]
[EventCountry "NOR"]
[SourceTitle "EXT 2024"]
[Source "ChessBase"]
[SourceDate "2023.10.10"]
[SourceVersion "1"]
[SourceVersionDate "2023.10.10"]
[SourceQuality "1"]

1. b4 e5 2. Bb2 Bxb4 3. Bxe5 Nf6 4. e3 d5 5. Nf3 Bf5 6. Be2 0-0 7. 0-0 Re8 8. Bb2 c5 9. c4 a6 10. a3 Ba5 11. d4 cxd4 12. Nxd4 Bg6 13. Nd2 dxc4 14. Nxc4 Bc7 15. Qb3 Qd5 16. Nd2 Qd6 17. N4f3 b5 18. Rfd1 Nbd7 19. Nf1 Qe6 20. Qxe6 Rxe6 21. Rac1 Ba5 22. Ng3 Nb6 23. Nd4 Rd6 24. Nb3 Rxd1+ 25. Bxd1 Nc4 26. Bxf6 gxf6 27. Nxa5 Nxa5 28. f4 Bd3 29. Bf3 Re8 30. Kf2 f5 31. Nh5 Kh8 32. Rc7 Bc4 33. Ra7 Nb3 34. Rxa6 Rg8 35. Ng3 Nc5 36. Rc6 Nd3+ 37. Kg1 Rg6 38. Rc8+ Rg8 39. Rxg8+ Kxg8 40. Nxf5 Nb2 41. Bc6 Nd1 42. e4 Bd3 43. Nd6 Nc3 44. e5 Ne2+ 45. Kf2 Nd4 46. Be8 Bc4 47. a4 1-0

[Event "Alesund Grand Prix B"]
[Site "Alesund"]
[Date "2018.04.06"]
[Round "2"]
[White "Fagerbekk, Egil"]
[Black "Murugesh, Niran Jan"]
[Result "1/2-1/2"]
[WhiteElo "1651"]
[BlackElo "1542"]
[PlyCount "67"]
[EventDate "2018.04.06"]
[EventType "swiss (rapid)"]
[EventRounds "6"]
[EventCountry "NOR"]
[SourceTitle "EXT 2024"]
[Source "ChessBase"]
[SourceDate "2023.10.10"]
[SourceVersion "1"]
[SourceVersionDate "2023.10.10"]
[SourceQuality "1"]

1. f4 Nc6 2. Nf3 d5 3. e3 Nf6 4. c4 Bg4 5. b3 e5 6. fxe5 Nxe5 7. d4 Nxf3+ 8. gxf3 Bh5 9. Bg2 Ne4 10. 0-0 Bd6 11. Qe1 Nf6 12. c5 Be7 13. Nd2 0-0 14. Bb2 Re8 15. e4 Bf8 16. e5 Nd7 17. f4 c6 18. f5 g6 19. Qg3 Bh6 20. Bc1 Qg5 21. Qxg5 Bxg5 22. f6 Nf8 23. Nf3 Bxf3 24. Bxg5 Bxg2 25. Kxg2 Ne6 26. Be3 h5 27. Rf3 Reb8 28. Kf2 Kf8 29. a4 a6 30. a5 Ke8 31. h4 Kd7 32. Ke2 Nc7 33. Kd3 Ke6 34. Rg3 1/2-1/2

[Event "Ostersund Hurtigfeiden op"]
[Site "Ostersund"]
[Date "2016.09.11"]
[Round "3"]
[White "Fagerbekk, Egil"]
[Black "Larsson, Per Olov"]
[Result "1/2-1/2"]
[WhiteElo "1626"]
[BlackElo "1960"]
[PlyCount "112"]
[EventDate "2016.09.11"]
[EventType "swiss"]
[EventRounds "7"]
[EventCountry "SWE"]
[SourceTitle "CBM 174 Extra"]
[Source "ChessBase"]
[SourceDate "2016.10.10"]
[SourceVersion "1"]
[SourceVersionDate "2016.10.10"]
[SourceQuality "1"]

1. f4 Nf6 2. Nf3 e6 3. e3 d5 4. c4 c5 5. cxd5 exd5 6. Be2 Bd6 7. 0-0 0-0 8. Nc3 Nc6 9. b3 d4 10. Nb5 Bb8 11. Bb2 d3 12. Bxf6 gxf6 13. Nh4 dxe2 14. Qxe2 f5 15. Qh5 Qf6 16. Rf3 Qxa1+ 17. Kf2 Ne7 18. Nc3 Qb2 19. Rg3+ Kh8 20. Qg5 Qxd2+ 21. Ne2 Qb2 22. Qxe7 Rg8 23. Rxg8+ Kxg8 24. Qe8+ Kg7 25. Qxc8 Qf6 26. Nxf5+ Kg6 27. g4 Bxf4 28. Nxf4+ Kg5 29. Qxa8 Kxg4 30. Qc8 Qxf5 31. Qxf5+ Kxf5 32. Kf3 b5 33. Nd3 c4 34. bxc4 bxc4 35. e4+ Ke6 36. Nc1 Ke5 37. Ke3 h5 38. a4 a5 39. Ne2 f5 40. exf5 Kxf5 41. Nd4+ Kg4 42. Nf3 c3 43. Ne1 Kh3 44. Kf4 h4 45. Ke3 Kxh2 46. Nf3+ Kg3 47. Nxh4 Kxh4 48. Kd3 Kg5 49. Kxc3 Kf6 50. Kc4 Ke7 51. Kb5 Kd7 52. Kxa5 Kc7 53. Ka6 Kb8 54. Kb6 Ka8 55. a5 Kb8 56. a6 Ka8 1/2-1/2